000 00769nam a2200241Ia 4500
005 20260430150612.0
008 008 250103s9999 xx 000 0 eng d
037 _aTheses
040 _aCRL
040 _beng
040 _ceng
041 _2eng
041 _aeng
084 _qCRL
100 _aPathak Rounak Kumar Au.; Saxena Rekha Gu.
_91237972
245 0 _aConvergence of Programmatic Politics and Identity Politics: A Comparative Study of Voting Behaviour in Bihar During 2014 General Elections & 2015 State Assembly Elections
260 _c2023
300 _a201p.
650 _aPolitical Science
700 _aUniversity of Delhi. Faculty of Social Science. Deptt. of Political Science
_91236360
942 _cTH
999 _c1850183
_d1850183